Historia y ciencias sociales 4º educación media: guía didáctica para el profesor. Incluye texto para el estudiante

Saved in:
Bibliografiske detaljer
Main Authors: Iturriaga Echeverría, Jorge (Author), Fernández Labbé, Marcos (Author), Mancilla Vergara, Arturo Guillermo (Author), Reyes del Villar, Soledad (Author)
Format: Bog
Sprog:spansk
Udgivet: Santiago Santillana del Pacífico 2009
Fag:
Tags: Tilføj Tag
Ingen Tags, Vær først til at tagge denne postø!

MARC

LEADER 00000nam a2200000 a 4500
001 UCG3791
003 CL-VaPUC
008 100916e20090000CL |||||||||||||||||spa|d
020 |a 9789561514768 
082 0 4 |a 900.712  |b ITU  |2 21 
100 |a Iturriaga Echeverría, Jorge  |e author  |9 553382 
700 0 |a Fernández Labbé, Marcos  |e author  |9 553065 
700 |a Mancilla Vergara, Arturo Guillermo  |e author  |9 771866 
700 0 |a Reyes del Villar, Soledad  |e author  |9 553067 
245 1 0 |a Historia y ciencias sociales 4º educación media: guía didáctica para el profesor. Incluye texto para el estudiante 
300 |a 288 p 
942 |c BK 
945 |d 20100916 00:00:00  |a mfarfan 
260 |a Santiago  |b Santillana del Pacífico  |c 2009 
650 0 |a Libros de texto  |9 270019 
650 0 |a Historia universal  |9 266877 
650 0 |a Ciencias sociales   |9 256351 
583 |a last modification  |c 20180314 11:04:28  |k Rodrigo Vera 
999 |c 342774  |d 342772 
952 |0 0  |1 0  |4 0  |6 900_712000000000000_ITU_2009  |7 0  |8 A  |9 439275  |a BIBHIS  |b BIBHIS  |d 2019-11-22  |i 471539K  |o 900.712 ITU 2009  |p 471539K  |r 2025-01-20  |w 2019-11-22  |y BK  |k HIS 
952 |0 0  |1 0  |4 0  |6 900_712000000000000_ITU_2009  |7 0  |8 A  |9 439276  |a BIBHIS  |b BIBHIS  |d 2019-11-22  |i 4715403  |o 900.712 ITU 2009  |p 4715403  |r 2025-01-20  |w 2019-11-22  |y BK  |k HIS